[Event "ZMD Open"]
[Site "Dresden"]
[Date "????.??.??"]
[Round "?"]
[White "Steinert, F."]
[Black "Wilhelm, T."]
[Result "1/2-1/2"]
[WhiteElo "1931"]
[BlackElo "2013"]
[PlyCount "69"]
[EventDate "2013.??.??"]

1. e4 e5 2. Nf3 Nc6 3. Bb5 a6 4. Ba4 Nf6 5. Qe2 b5 6. Bb3 Be7 7. a4 b4 8. a5
O-O 9. O-O d6 10. c3 Rb8 11. Bc4 Qd7 12. d3 h6 13. Rd1 Rd8 14. Nbd2 Bf8 15. Nf1
Qe8 16. Ne3 bxc3 17. bxc3 Ra8 18. Nd5 Nxd5 19. Bxd5 Be6 20. Be3 Bxd5 21. exd5
Ne7 22. c4 f5 23. Rdb1 g5 24. Rb7 Rdc8 25. Ne1 Bg7 26. Rab1 f4 27. Bc1 Nf5 28.
Ba3 Qd7 29. Qh5 Qa4 30. Qg6 Qxa3 31. Qxf5 Qxa5 32. h4 gxh4 33. Nf3 e4 34. Qe6+
Kh8 35. Nxh4 1/2-1/2

[Event "ZMD Open"]
[Site "Dresden"]
[Date "????.??.??"]
[Round "?"]
[White "Kempen, W."]
[Black "Schulz, M."]
[Result "0-1"]
[WhiteElo "2059"]
[BlackElo "2046"]
[PlyCount "102"]
[EventDate "2013.??.??"]

1. e4 c5 2. Nf3 Nc6 3. d4 cxd4 4. Nxd4 g6 5. Be3 Bg7 6. Nc3 Nf6 7. Be2 O-O 8.
Qd2 d5 9. exd5 Nxd5 10. Nxd5 Qxd5 11. Nxc6 bxc6 12. Qxd5 cxd5 13. O-O-O Bb7 14.
h4 e5 15. Bc5 Rfc8 16. Ba3 d4 17. f3 e4 18. Kb1 Rc7 19. Bd6 Rc6 20. Bf4 Rc5 21.
Bd6 Rc6 22. Bf4 Rac8 23. fxe4 Rxc2 24. Bd3 Rxg2 25. Rc1 Rg4 26. Rxc8+ Bxc8 27.
Bb8 a5 28. h5 Be6 29. hxg6 hxg6 30. b3 Rg2 31. Rh2 Rg1+ 32. Kc2 Rg5 33. Bd6 Be5
34. Be7 Rg1 35. Rf2 Ra1 36. Kb2 Rg1 37. Kc2 Ra1 38. Kb2 Rd1 39. Kc2 Rg1 40. Bd8
a4 41. Kb2 axb3 42. axb3 g5 43. Bf6 Bxf6 44. Rxf6 g4 45. Bf1 g3 46. Rf3 Kf8 47.
Ka3 g2 48. Bxg2 Rxg2 49. Rd3 Re2 50. Rxd4 Re3 51. Rb4 Ke7 0-1

[Event "ZMD Open"]
[Site "Dresden"]
[Date "????.??.??"]
[Round "?"]
[White "Herbrig, A."]
[Black "Wolf, A."]
[Result "1/2-1/2"]
[WhiteElo "1766"]
[BlackElo "1988"]
[PlyCount "173"]
[EventDate "2013.??.??"]

1. e4 c5 2. Nf3 e6 3. d4 cxd4 4. Nxd4 a6 5. Nc3 d6 6. Bd3 Nf6 7. O-O Qc7 8. Qe2
Nbd7 9. Bd2 b5 10. Kh1 Bb7 11. f4 Be7 12. Rae1 Nc5 13. a3 d5 14. exd5 Nxd5 15.
Nxd5 Bxd5 16. Qg4 Bf6 17. Nf3 Nxd3 18. cxd3 Bxf3 19. Qxf3 O-O 20. Rc1 Qd7 21.
Bc3 Bd4 22. Qe4 Rfd8 23. Ba5 Rdc8 24. Bc3 Bxc3 25. Rxc3 Rxc3 26. Qxa8+ Qc8 27.
Qf3 Rc2 28. b3 h6 29. h3 Ra2 30. f5 exf5 31. Qd5 Rxa3 32. Re1 Ra2 33. Kh2 Rc2
34. Re7 Qb8+ 35. Re5 Qc7 36. Kg1 Qc6 37. Qd8+ Kh7 38. Qd5 Qxd5 39. Rxd5 Rb2 40.
Rxf5 Kg6 41. Rd5 Rxb3 42. Rd6+ f6 43. Rxa6 Rxd3 44. Rb6 Rb3 45. Kf2 Kf5 46. Rb7
g5 47. Rh7 Kg6 48. Rc7 h5 49. Rc5 Rb2+ 50. Kg3 b4 51. Rb5 Kf7 52. Rb7+ Ke6 53.
Rb5 b3 54. h4 gxh4+ 55. Kxh4 Rxg2 56. Rxb3 Rg5 57. Rb6+ Kf7 58. Rb7+ Kg6 59.
Rb4 Rg1 60. Rb8 Rg4+ 61. Kh3 f5 62. Rb6+ Kg5 63. Rb5 h4 64. Rb3 Re4 65. Ra3 Re2
66. Rb3 Kf4 67. Rb1 Kf3 68. Kxh4 f4 69. Kh3 Re3 70. Kh2 Kf2 71. Rb8 f3 72. Rb1
Re7 73. Rb2+ Re2 74. Rb8 Ke3+ 75. Kg3 Rg2+ 76. Kh3 Rd2 77. Re8+ Kf2 78. Rb8 Ke1
79. Re8+ Re2 80. Rb8 f2 81. Rb1+ Kd2 82. Kg2 Ke3 83. Rb3+ Ke4 84. Rb1 Kd3 85.
Rb3+ Kd2 86. Rb1 Re1 87. Rb2+ 1/2-1/2

[Event "ZMD Open"]
[Site "Dresden"]
[Date "????.??.??"]
[Round "?"]
[White "Eilers, J."]
[Black "Sauer, E."]
[Result "1/2-1/2"]
[WhiteElo "2009"]
[BlackElo "1901"]
[PlyCount "33"]
[EventDate "2013.??.??"]

1. e4 c5 2. Nc3 e6 3. g3 d5 4. exd5 exd5 5. Bg2 Nf6 6. Nge2 d4 7. Ne4 Nxe4 8.
Bxe4 Nd7 9. O-O Nf6 10. Bg2 Bd6 11. c3 O-O 12. cxd4 cxd4 13. d3 Re8 14. Nf4 h6
15. Qb3 Qa5 16. Nd5 Nxd5 17. Qxd5 1/2-1/2

[Event "ZMD Open"]
[Site "Dresden"]
[Date "????.??.??"]
[Round "?"]
[White "Scholz, R."]
[Black "Bui, H."]
[Result "1/2-1/2"]
[WhiteElo "1879"]
[BlackElo "1632"]
[PlyCount "54"]
[EventDate "2013.??.??"]

1. e4 d5 2. exd5 Qxd5 3. Nc3 Qa5 4. d4 Nf6 5. Bd2 c6 6. Bc4 Qb6 7. Nf3 Bg4 8.
Bxf7+ Kxf7 9. Ne5+ Ke8 10. Nxg4 Qxd4 11. Nxf6+ exf6 12. O-O Nd7 13. Re1+ Be7
14. Re4 Qb6 15. Bf4 Nc5 16. Na4 Nxa4 17. Qd6 Qd8 18. Qxd8+ Rxd8 19. Rae1 Rd7
20. Rxa4 a6 21. Rae4 Kf7 22. h3 Rhd8 23. g4 g6 24. Kg2 Bc5 25. Kf3 Bf8 26. Re6
Bg7 27. b3 Bh8 1/2-1/2

[Event "ZMD Open"]
[Site "Dresden"]
[Date "????.??.??"]
[Round "?"]
[White "Nobis, A."]
[Black "Glasewald, S."]
[Result "0-1"]
[WhiteElo "1759"]
[BlackElo "2075"]
[PlyCount "62"]
[EventDate "2013.??.??"]

1. e4 c5 2. Nf3 e6 3. d4 cxd4 4. Nxd4 Nf6 5. Nc3 Nc6 6. Ndb5 Bb4 7. a3 Bxc3+ 8.
Nxc3 d5 9. exd5 exd5 10. Bd3 O-O 11. O-O h6 12. Kh1 Ne5 13. Bf4 Ng6 14. Bxg6
fxg6 15. h3 Be6 16. Nb5 Ne4 17. Be3 Qd7 18. Nd4 Bxh3 19. Ne2 Be6 20. Nf4 Rf5
21. Qd4 Raf8 22. Ne2 Qc7 23. g3 Rh5+ 24. Kg1 Qxc2 25. Nf4 Nxg3 26. Rfe1 Rxf4
27. Qxf4 Ne2+ 28. Rxe2 Qxe2 29. Qb8+ Kh7 30. Qg3 d4 31. Bf4 Bd5 0-1

[Event "ZMD Open"]
[Site "Dresden"]
[Date "????.??.??"]
[Round "?"]
[White "Sturm, F."]
[Black "Keeve, M."]
[Result "1-0"]
[WhiteElo "1962"]
[BlackElo "1932"]
[PlyCount "59"]
[EventDate "2013.??.??"]

1. d4 d5 2. c4 c6 3. Nc3 Nf6 4. Nf3 Nbd7 5. e3 e6 6. Bd3 Bd6 7. O-O O-O 8. Qe2
dxc4 9. Bxc4 e5 10. Rd1 exd4 11. exd4 Nb6 12. Bb3 Bg4 13. Bg5 Re8 14. Qd3 Bh5
15. Re1 Be7 16. Ne5 Nbd5 17. Ne4 Nxe4 18. Bxe7 Rxe7 19. Qxe4 Bg6 20. Qg4 Qa5
21. Nf3 Rae8 22. Rxe7 Nxe7 23. Qd7 Qd8 24. Qxb7 a5 25. h3 h5 26. Ne5 Qd6 27.
Rc1 Rb8 28. Qa7 Rb5 29. Nxg6 Nxg6 30. Qxf7+ 1-0

[Event "ZMD Open"]
[Site "Dresden"]
[Date "????.??.??"]
[Round "?"]
[White "Nixdorf, A."]
[Black "Biastoch, B."]
[Result "1/2-1/2"]
[WhiteElo "1933"]
[BlackElo "1640"]
[PlyCount "57"]
[EventDate "2013.??.??"]

1. e4 c5 2. Nf3 d6 3. d4 cxd4 4. Nxd4 Nf6 5. Nc3 a6 6. Bg5 e6 7. f4 b5 8. Qf3
Bb7 9. Bd3 Nbd7 10. O-O-O Qb6 11. Nb3 b4 12. Na4 Qc6 13. Na5 Qxa4 14. Nxb7 Rb8
15. Nxd6+ Bxd6 16. e5 Bxe5 17. fxe5 Nxe5 18. Qg3 Nxd3+ 19. Kb1 Qb5 20. Bxf6
gxf6 21. Rxd3 Qe5 22. Qf2 Rc8 23. Rhd1 Rg8 24. g3 Rg4 25. Qb6 Qc7 26. Qf2 Qe5
27. Qb6 Qc7 28. Qf2 Qe5 29. Qb6 1/2-1/2

[Event "ZMD Open"]
[Site "Dresden"]
[Date "????.??.??"]
[Round "?"]
[White "Pössel, C."]
[Black "Osterloh, F."]
[Result "0-1"]
[WhiteElo "1956"]
[BlackElo "1752"]
[PlyCount "60"]
[EventDate "2013.??.??"]

1. d4 Nf6 2. c4 d6 3. Nc3 Nbd7 4. e4 e5 5. Nge2 Be7 6. Ng3 O-O 7. Nf5 Re8 8.
Nxe7+ Qxe7 9. d5 Nc5 10. Qc2 a5 11. Be2 h6 12. O-O Rf8 13. h3 Nh7 14. Bg4 Bxg4
15. hxg4 Qh4 16. f3 Qg3 17. Qf2 Qxf2+ 18. Rxf2 Nd3 19. Rc2 Nxc1 20. Raxc1 b6
21. Nb5 Rfc8 22. Rc3 Nf6 23. Ra3 Kf8 24. b4 axb4 25. Rxa8 Rxa8 26. Nxc7 Rxa2
27. Rb1 Ra4 28. Kf1 Nd7 29. g3 Nc5 30. Ke2 Ke7 0-1

[Event "ZMD Open"]
[Site "Dresden"]
[Date "????.??.??"]
[Round "?"]
[White "Enache, R."]
[Black "Stahr, R."]
[Result "1-0"]
[WhiteElo "1696"]
[BlackElo "2079"]
[PlyCount "77"]
[EventDate "2013.??.??"]

1. e4 c5 2. Nf3 Nc6 3. d4 cxd4 4. Nxd4 g6 5. Be3 Bg7 6. Nc3 Nf6 7. Bc4 O-O 8.
Bb3 Na5 9. f3 Nxb3 10. axb3 d5 11. exd5 Nxd5 12. Nxd5 Qxd5 13. O-O Rd8 14. c3
Qh5 15. Qe2 a6 16. Rad1 e5 17. Nb5 Be6 18. Nc7 Bxb3 19. Nxa8 Bxd1 20. Rxd1 Rxa8
21. Rd7 b5 22. Qd3 Qh4 23. g3 Qf6 24. Qd5 Rf8 25. Bc5 Re8 26. Rd6 Qf5 27. Rd8
Qb1+ 28. Kg2 Qc2+ 29. Kh3 Rf8 30. Bxf8 Bxf8 31. Qxe5 h6 32. Qc5 Qf5+ 33. Qxf5
gxf5 34. Ra8 b4 35. cxb4 Kg7 36. Rxa6 Bxb4 37. Kh4 Be7+ 38. Kh5 Bf6 39. Rxf6
1-0

[Event "ZMD Open"]
[Site "Dresden"]
[Date "????.??.??"]
[Round "?"]
[White "Schöhl, G."]
[Black "Barlage, T."]
[Result "0-1"]
[WhiteElo "1909"]
[BlackElo "1974"]
[PlyCount "69"]
[EventDate "2013.??.??"]

1. Nf3 Nf6 2. c4 e6 3. g3 d5 4. Bg2 dxc4 5. Na3 Bxa3 6. Qa4+ Nbd7 7. Qxa3 Nb6
8. O-O Qd6 9. b4 cxb3 10. Qxb3 Qd5 11. Qc2 Qc4 12. Qxc4 Nxc4 13. d3 Nb6 14. Ba3
Nfd5 15. Rfc1 c6 16. e4 Ne7 17. d4 f6 18. Bd6 Kd7 19. Bc5 Na4 20. Bb4 Rd8 21.
Bf1 a5 22. Bd2 b5 23. d5 exd5 24. exd5 Nxd5 25. Nd4 Bb7 26. Nxb5 Nab6 27. Nd4
Ne7 28. Nb3 Nbd5 29. Bxa5 Rdb8 30. Rab1 Kd6 31. Be1 Ba6 32. Bxa6 Rxa6 33. Ra1
Rb5 34. f3 Nb4 35. Bf2 0-1

[Event "ZMD Open"]
[Site "Dresden"]
[Date "????.??.??"]
[Round "?"]
[White "Dümmke, J."]
[Black "Siegl, D."]
[Result "1-0"]
[WhiteElo "2028"]
[BlackElo "1888"]
[PlyCount "69"]
[EventDate "2013.??.??"]

1. e4 c5 2. Nf3 Nc6 3. Bb5 e6 4. O-O Nge7 5. Re1 a6 6. Bf1 d6 7. c3 Ng6 8. d4
cxd4 9. cxd4 Be7 10. Nc3 O-O 11. g3 b5 12. d5 Nce5 13. Nd4 exd5 14. Nxd5 Bb7
15. Bg2 Re8 16. b3 Bxd5 17. exd5 Rc8 18. Bb2 Bf8 19. a4 Qb6 20. axb5 axb5 21.
f4 Nd7 22. Rxe8 Rxe8 23. b4 Qc7 24. Nc6 Nb6 25. Ra7 Qc8 26. Bd4 Nc4 27. h4 Ne3
28. Bxe3 Rxe3 29. h5 Ne7 30. Qc1 Nxc6 31. dxc6 Qe6 32. Kf2 Re2+ 33. Kf1 Qe3 34.
Qxe3 Rxe3 35. Bd5 1-0

[Event "ZMD Open"]
[Site "Dresden"]
[Date "????.??.??"]
[Round "?"]
[White "Nachtkamp, H."]
[Black "Schwarz, H."]
[Result "1/2-1/2"]
[WhiteElo "2086"]
[BlackElo "1905"]
[PlyCount "35"]
[EventDate "2013.??.??"]

1. d4 d5 2. Nf3 f5 3. Bf4 e6 4. e3 Nf6 5. c4 c6 6. Nc3 Be7 7. Bd3 O-O 8. Qc2
Ne4 9. O-O g5 10. Bxb8 Rxb8 11. Bxe4 fxe4 12. Ne5 Bd6 13. f4 gxf4 14. exf4 Bd7
15. Qe2 Qe7 16. Qg4+ Kh8 17. f5 Bc7 18. b4 1/2-1/2

[Event "ZMD Open"]
[Site "Dresden"]
[Date "????.??.??"]
[Round "?"]
[White "Mühle, H."]
[Black "Weißpflog, J."]
[Result "0-1"]
[WhiteElo "1927"]
[BlackElo "2037"]
[PlyCount "60"]
[EventDate "2013.??.??"]

1. d4 Nf6 2. Nf3 e6 3. c4 Bb4+ 4. Nc3 O-O 5. a3 Bxc3+ 6. bxc3 c5 7. d5 Qa5 8.
Qd3 exd5 9. cxd5 Nxd5 10. Bd2 Nf6 11. c4 Qb6 12. Rb1 Qe6 13. Ng5 Qe5 14. f4 Qd4
15. Qc2 Re8 16. e3 Qxf4 17. e4 Qe5 18. Bd3 Nc6 19. O-O d6 20. Bf4 Qe7 21. e5
dxe5 22. Bxh7+ Kf8 23. Be3 Nd4 24. Bxd4 cxd4 25. Bg6 Be6 26. Rxb7 Qxb7 27. Rxf6
gxf6 28. Bxf7 Bxf7 29. Nh7+ Kg7 30. Qf5 Qb6 0-1

[Event "ZMD Open"]
[Site "Dresden"]
[Date "????.??.??"]
[Round "?"]
[White "Mäder, J."]
[Black "Hartmann, T."]
[Result "0-1"]
[WhiteElo "1855"]
[BlackElo "2016"]
[PlyCount "78"]
[EventDate "2013.??.??"]

1. c4 Nf6 2. Nc3 e5 3. Nf3 Nc6 4. d3 d5 5. cxd5 Nxd5 6. a3 f6 7. g3 Be6 8. Bg2
Bc5 9. Bd2 Qd7 10. Ne4 Bb6 11. Qc2 Bh3 12. O-O O-O-O 13. Rfc1 h5 14. Nc5 Bxc5
15. Qxc5 h4 16. Bh1 Bg4 17. Rc4 Nb6 18. Rac1 Nxc4 19. Rxc4 Bxf3 20. Bxf3 Qd6
21. Qb5 a6 22. Qb3 hxg3 23. hxg3 Rde8 24. Rxc6 bxc6 25. Bg4+ Kd8 26. Qc4 Qd5
27. e4 Qxc4 28. dxc4 g6 29. Kg2 Rh7 30. Bc3 Rf7 31. Be2 Kc8 32. c5 Kb7 33. Bc4
Rd7 34. Be2 f5 35. f3 fxe4 36. fxe4 Rf8 37. Bc4 Rd4 38. Bxd4 exd4 39. Bd3 a5
0-1

[Event "ZMD Open"]
[Site "Dresden"]
[Date "????.??.??"]
[Round "?"]
[White "Felger, K."]
[Black "Kießling, A."]
[Result "1/2-1/2"]
[WhiteElo "1901"]
[BlackElo "1995"]
[PlyCount "124"]
[EventDate "2013.??.??"]

1. d4 Nf6 2. f4 d5 3. e3 c5 4. c3 Bg4 5. Nf3 e6 6. Be2 Nc6 7. O-O Bd6 8. Nbd2
O-O 9. Ne5 Bxe2 10. Qxe2 Nd7 11. Ndf3 f6 12. Nxc6 bxc6 13. e4 Qe7 14. e5 Bc7
15. g3 f5 16. Be3 Bb6 17. Kg2 Rac8 18. dxc5 Bxc5 19. b4 Bxe3 20. Qxe3 Nb6 21.
a4 Nc4 22. Qe2 c5 23. b5 Qc7 24. Nd2 Na5 25. c4 d4 26. Qd3 Rf7 27. h4 h6 28.
Rae1 Kf8 29. g4 g6 30. Kh3 Rg7 31. Rg1 Qf7 32. Qf3 Qb7 33. Qf2 Rcc7 34. Qe2
Rcf7 35. Ref1 Rg8 36. Qh2 Rfg7 37. Rf2 Qd7 38. Qh1 Qb7 39. Qxb7 Rxb7 40. gxf5
gxf5 41. Rfg2 Rxg2 42. Rxg2 Rg7 43. h5 Kf7 44. Rxg7+ Kxg7 45. Kg3 Kf7 46. Kf3
Ke7 47. Ke2 Kd7 48. Kd3 Ke7 49. Nf3 Nb3 50. Nh4 Na5 51. Ng6+ Kf7 52. Nh8+ Ke7
53. Ng6+ Kf7 54. Nh4 Ke7 55. Nf3 Nb3 56. Kc2 Na5 57. Nd2 Kd7 58. Kd3 Ke7 59.
Nb1 Nb3 60. Na3 Nc1+ 61. Kd2 Nb3+ 62. Kc2 Na5 1/2-1/2

[Event "ZMD Open"]
[Site "Dresden"]
[Date "????.??.??"]
[Round "?"]
[White "Wong, G."]
[Black "Kühnast, V."]
[Result "1-0"]
[WhiteElo "1766"]
[BlackElo "1936"]
[PlyCount "87"]
[EventDate "2013.??.??"]

1. e4 g6 2. d4 Bg7 3. Nc3 d6 4. f4 a6 5. Nf3 b5 6. Bd3 Bb7 7. O-O Nd7 8. Qe2
Nb6 9. Bd2 Nf6 10. Rae1 O-O 11. e5 Nfd5 12. Nxd5 Bxd5 13. Kh1 e6 14. b3 Qd7 15.
Be4 Bxe4 16. Qxe4 d5 17. Qd3 Qe7 18. Be3 Rfc8 19. g4 Nd7 20. f5 exf5 21. gxf5
gxf5 22. Qxf5 Nf8 23. Ng5 Ng6 24. Qxf7+ Qxf7 25. Nxf7 c5 26. Nd6 Rf8 27. Nf5
cxd4 28. Bxd4 Rae8 29. Nxg7 Rxf1+ 30. Rxf1 Kxg7 31. e6+ Kg8 32. Re1 Nf8 33.
Rg1+ Ng6 34. h4 Rxe6 35. h5 Re4 36. Bf2 Kf7 37. hxg6+ hxg6 38. Re1 Rf4 39. Kg2
Rf5 40. Bc5 Rg5+ 41. Kf3 Rh5 42. Ke2 Kf6 43. Kd3 g5 44. Bd4+ 1-0

[Event "ZMD Open"]
[Site "Dresden"]
[Date "????.??.??"]
[Round "?"]
[White "Klein, G."]
[Black "Schnoor, F."]
[Result "1/2-1/2"]
[WhiteElo "1953"]
[BlackElo "1748"]
[PlyCount "106"]
[EventDate "2013.??.??"]

1. Nf3 Nf6 2. c4 g6 3. Nc3 Bg7 4. e4 O-O 5. d4 d6 6. Be2 e5 7. dxe5 dxe5 8.
Qxd8 Rxd8 9. Bg5 Re8 10. Rd1 Na6 11. O-O Nc5 12. Bxf6 Bxf6 13. Nd5 Bd8 14. Nc3
a5 15. Nxe5 Bf6 16. Nd3 Nxe4 17. Nd5 Bd8 18. Rfe1 c6 19. N5f4 f5 20. Bf3 Bf6
21. Nc5 Bxb2 22. Bxe4 fxe4 23. Nxe4 Rf8 24. g3 Bg4 25. Rb1 Bd4 26. Rxb7 Rae8
27. Rbb1 c5 28. a3 Re5 29. Nd6 g5 30. Nd3 Rxe1+ 31. Rxe1 Rf3 32. Re8+ Kg7 33.
Re7+ Kf8 34. Re8+ Kg7 35. Re7+ Kg6 36. Ne5+ Kf6 37. Nxf3 Kxe7 38. Nxd4 Kxd6 39.
Nb3 a4 40. Nd2 Ke5 41. f3 Bf5 42. Kf2 Kd4 43. f4 gxf4 44. gxf4 Kc3 45. Ke3 Kb2
46. Ne4 Kxa3 47. Nxc5 Kb4 48. Nxa4 Kxa4 49. Kd4 Ka5 50. h4 Kb6 51. Kd5 Bd3 52.
Kd4 Bf5 53. Kd5 Bd3 1/2-1/2

[Event "ZMD Open"]
[Site "Dresden"]
[Date "????.??.??"]
[Round "?"]
[White "Leimeister, W."]
[Black "Wiewesiek, T."]
[Result "0-1"]
[WhiteElo "1920"]
[BlackElo "1704"]
[PlyCount "84"]
[EventDate "2013.??.??"]

1. e4 c6 2. d3 d5 3. Nd2 dxe4 4. dxe4 g6 5. Ngf3 Bg7 6. Bc4 Nf6 7. O-O O-O 8.
Qe2 Qc7 9. a4 Bg4 10. Ra3 Nbd7 11. Ba2 Ne5 12. h3 Bxf3 13. Nxf3 Nxf3+ 14. Rxf3
Nd7 15. Ra3 Rfd8 16. f4 Bxb2 17. Bxb2 Qb6+ 18. Re3 Qxb2 19. Bb3 Nc5 20. Kh1 Qd4
21. c3 Qd2 22. Bc2 Qxe2 23. Rxe2 Rd7 24. g4 Rad8 25. Rff2 Nd3 26. Rf1 e5 27.
fxe5 Nxe5 28. Rff2 a5 29. Kh2 b5 30. Bb1 Rd2 31. Kg3 Rxe2 32. Rxe2 Rd1 33. Bc2
Rf1 34. Re3 Kf8 35. axb5 cxb5 36. Bd3 Nxd3 37. Rxd3 Ke7 38. Rd5 Rb1 39. c4 a4
40. cxb5 a3 41. Rd2 g5 42. e5 Rb3+ 0-1

[Event "ZMD Open"]
[Site "Dresden"]
[Date "????.??.??"]
[Round "?"]
[White "Altstadt, K."]
[Black "Schlegel, K."]
[Result "1/2-1/2"]
[WhiteElo "1815"]
[BlackElo "1749"]
[PlyCount "54"]
[EventDate "2013.??.??"]

1. e4 c5 2. Nf3 d6 3. d4 cxd4 4. Nxd4 Nf6 5. Nc3 a6 6. Be3 e5 7. Nb3 Be6 8. f3
Be7 9. Qd2 O-O 10. O-O-O a5 11. Bb5 Na6 12. g4 Nb4 13. a3 Qc7 14. Kb1 Na6 15.
g5 Nd7 16. Bxd7 Qxd7 17. Nd5 Bd8 18. Nb6 Bxb6 19. Bxb6 a4 20. Nc5 Nxc5 21. Bxc5
Ra6 22. Bxd6 Rd8 23. Bb4 Qxd2 24. Rxd2 Rxd2 25. Bxd2 Bh3 26. Bb4 Bg2 27. Rd1 h6
1/2-1/2

[Event "ZMD Open"]
[Site "Dresden"]
[Date "????.??.??"]
[Round "?"]
[White "Zienert, R."]
[Black "Bregenzer, M."]
[Result "1-0"]
[WhiteElo "1845"]
[BlackElo "1740"]
[PlyCount "45"]
[EventDate "2013.??.??"]

1. e4 e5 2. Nf3 Nc6 3. Bb5 a6 4. Ba4 Nf6 5. O-O Be7 6. Re1 b5 7. Bb3 O-O 8. d3
d5 9. exd5 Nxd5 10. h3 Bb7 11. Nbd2 Kh8 12. Nxe5 Nxe5 13. Rxe5 Bf6 14. Re1 Nf4
15. Ne4 g5 16. Bxf4 gxf4 17. Qh5 Bxe4 18. Rxe4 Bxb2 19. Rae1 Qf6 20. Re7 c5 21.
Bxf7 Rg8 22. Bxg8 Kxg8 23. Qd5+ 1-0

[Event "ZMD Open"]
[Site "Dresden"]
[Date "????.??.??"]
[Round "?"]
[White "Koenig, J."]
[Black "Richter, S."]
[Result "0-1"]
[WhiteElo "1705"]
[BlackElo "1843"]
[PlyCount "46"]
[EventDate "2013.??.??"]

1. d4 Nf6 2. Nf3 g6 3. Bg5 Bg7 4. e3 O-O 5. Bd3 d6 6. O-O c6 7. c3 Qc7 8. Nbd2
Bg4 9. Qc2 Bxf3 10. Nxf3 Nbd7 11. Rad1 Rac8 12. Qd2 c5 13. dxc5 Nxc5 14. Qe2
Rfe8 15. Bb5 Rf8 16. Bd3 a6 17. Bc2 Qc6 18. Bb1 Rfe8 19. b3 Nfe4 20. Bxe4 Nxe4
21. Qd3 Nxc3 22. Rc1 Qc5 23. Qc2 Ne2+ 0-1

[Event "ZMD Open"]
[Site "Dresden"]
[Date "????.??.??"]
[Round "?"]
[White "Schott, V."]
[Black "Udet, F."]
[Result "1-0"]
[WhiteElo "1808"]
[BlackElo "1711"]
[PlyCount "97"]
[EventDate "2013.??.??"]

1. e4 c5 2. Nc3 a6 3. a4 Nc6 4. Nf3 e6 5. Bc4 b6 6. d3 Bb7 7. Bf4 d6 8. O-O Be7
9. Ne2 Qc7 10. c3 Nf6 11. h3 e5 12. Bh2 Rd8 13. Ba2 d5 14. exd5 Nxd5 15. Qc1
O-O 16. d4 cxd4 17. cxd4 Bf6 18. dxe5 Be7 19. e6 Bd6 20. exf7+ Rxf7 21. Ng3 Bf4
22. Qc2 Ncb4 23. Qxc7 Bxc7 24. Ng5 Rf6 25. Bb3 Nd3 26. Rab1 Be5 27. N3e4 Rg6
28. Bxe5 Nxe5 29. f4 Nd3 30. Rf3 Nc5 31. Nxc5 bxc5 32. Rd1 h6 33. Ne4 Kh8 34.
Nxc5 Bc6 35. f5 Rxg2+ 36. Kh1 Rxb2 37. f6 gxf6 38. Ne4 Rd7 39. Rg3 Ne7 40. Rxd7
Bxd7 41. Nxf6 Rb1+ 42. Kh2 Bc6 43. Rc3 Rh1+ 44. Kg3 Rg1+ 45. Kf4 Rf1+ 46. Ke5
Ng6+ 47. Ke6 Nf4+ 48. Kf7 Bd7 49. Rg3 1-0

[Event "ZMD Open"]
[Site "Dresden"]
[Date "????.??.??"]
[Round "?"]
[White "Reiche, N."]
[Black "Schneider, M."]
[Result "1-0"]
[WhiteElo "1767"]
[BlackElo "1700"]
[PlyCount "127"]
[EventDate "2013.??.??"]

1. e4 d6 2. d4 g6 3. Bc4 Bg7 4. Be3 c6 5. Nc3 b5 6. Bb3 Nf6 7. f3 O-O 8. Nge2
Nbd7 9. Qd2 a5 10. a3 Bb7 11. O-O b4 12. Nd1 c5 13. c3 Ba6 14. Nf2 a4 15. Bc2
Qa5 16. axb4 cxb4 17. Rxa4 bxc3 18. Nxc3 Qb6 19. Rb1 Rfc8 20. e5 Ne8 21. Be4
Bb7 22. d5 Qd8 23. Rxa8 Rxa8 24. e6 fxe6 25. dxe6 Bxc3 26. Qxc3 Bxe4 27. Nxe4
Ndf6 28. Nxf6+ Nxf6 29. Bd4 Rc8 30. Qe3 Qf8 31. Qg5 Ne8 32. Re1 Qf5 33. Qxe7
Qf8 34. Qg5 Qf5 35. Qe7 Qf8 36. Qb7 Rc7 37. Qd5 Re7 38. Bc3 Qf5 39. Qd4 Ng7 40.
Qxd6 Rxe6 41. Qb8+ Ne8 42. Qb3 Kf7 43. Rxe6 Qxe6 44. Qb7+ Kg8 45. Qe4 Qd7 46.
Qd4 Qxd4+ 47. Bxd4 Kf7 48. Kf2 Ke6 49. Ke3 Nd6 50. b4 Kd5 51. Bc5 Nf5+ 52. Kf4
h6 53. g4 Ng7 54. h4 Ne6+ 55. Kg3 Nxc5 56. bxc5 Kxc5 57. f4 Kd5 58. f5 gxf5 59.
gxf5 Ke5 60. Kg4 Kf6 61. Kf4 h5 62. Ke4 Ke7 63. Ke5 Kf8 64. Kf6 1-0

[Event "ZMD Open"]
[Site "Dresden"]
[Date "????.??.??"]
[Round "?"]
[White "Renger, N."]
[Black "Würsig, M."]
[Result "1/2-1/2"]
[WhiteElo "1667"]
[BlackElo "1819"]
[PlyCount "89"]
[EventDate "2013.??.??"]

1. e4 c6 2. d4 d5 3. Nc3 dxe4 4. Nxe4 Bf5 5. Ng3 Bg6 6. h4 h6 7. Nf3 Nf6 8. Bd3
Bxd3 9. Qxd3 e6 10. O-O Be7 11. Ne4 Nbd7 12. g3 O-O 13. b3 Ng4 14. Nh2 Ngf6 15.
Bb2 Nxe4 16. Qxe4 Nf6 17. Qe2 Rc8 18. Rad1 Qc7 19. c4 Rfe8 20. Ng4 Nxg4 21.
Qxg4 Bf6 22. Qe2 Rcd8 23. Rfe1 Qb6 24. Rd3 Bxd4 25. Bxd4 Rxd4 26. Rxd4 Qxd4 27.
Rd1 Qf6 28. Qd3 Qe7 29. Kg2 g6 30. Qe3 a6 31. Qxh6 Rd8 32. Rxd8+ Qxd8 33. Qg5
Qxg5 34. hxg5 Kf8 35. c5 Ke7 36. Kf3 e5 37. Ke4 Ke6 38. f3 a5 39. g4 f6 40.
gxf6 Kxf6 41. g5+ Kxg5 42. Kxe5 Kh4 43. Kf4 g5+ 44. Ke4 Kh3 45. Kd3 1/2-1/2

[Event "ZMD Open"]
[Site "Dresden"]
[Date "????.??.??"]
[Round "?"]
[White "Niemann, S."]
[Black "Bolshakov, K."]
[Result "1-0"]
[WhiteElo "1760"]
[BlackElo "1681"]
[PlyCount "119"]
[EventDate "2013.??.??"]

1. e4 e5 2. Nf3 Nc6 3. Bc4 Bc5 4. b4 Bxb4 5. c3 Ba5 6. d4 d6 7. dxe5 dxe5 8.
Qxd8+ Kxd8 9. O-O f6 10. Ba3 Nge7 11. Bf7 Bd7 12. Rd1 Kc8 13. Rd3 Ng6 14. g3
Nd8 15. Bb3 Be6 16. Rxd8+ Rxd8 17. Bxe6+ Kb8 18. Bb4 Bxb4 19. cxb4 Rd1+ 20. Kg2
c6 21. Bb3 Rc1 22. a4 Kc7 23. Nfd2 Rd8 24. Ra2 Rd4 25. b5 Rb4 26. Na3 Rd4 27.
Nac4 Rc3 28. Rb2 Rcd3 29. Ba2 Rd8 30. Bb1 R3d7 31. bxc6 bxc6 32. Rc2 Nf8 33.
Ba2 Ne6 34. Nb3 Nd4 35. Nxd4 Rxd4 36. f3 h6 37. Kf2 Rb8 38. a5 a6 39. Nb6 Kb7
40. Be6 Rbd8 41. Ke2 R4d6 42. Bf5 Rd4 43. Rb2 Kc7 44. Be6 Rd3 45. Nd5+ R3xd5
46. exd5 cxd5 47. Rb6 Rd6 48. Rxd6 Kxd6 49. Bc8 Kc5 50. Bxa6 Kb4 51. Bb7 Kxa5
52. Bxd5 Kb5 53. h4 Kc5 54. Be4 Kd6 55. h5 Ke6 56. g4 Kd6 57. Kd3 Ke7 58. Bd5
Kd7 59. Ke4 Kd6 60. Ba2 1-0

[Event "ZMD Open"]
[Site "Dresden"]
[Date "????.??.??"]
[Round "?"]
[White "Thuma, H."]
[Black "Vorobiov, I."]
[Result "0-1"]
[WhiteElo "1774"]
[BlackElo "1774"]
[PlyCount "86"]
[EventDate "2013.??.??"]

1. e4 e6 2. d4 d5 3. Nd2 c5 4. Ngf3 Nc6 5. exd5 exd5 6. dxc5 Bxc5 7. Nb3 Bb6 8.
Be2 Nf6 9. O-O Bf5 10. Bd3 Ne4 11. c3 O-O 12. Bc2 Re8 13. Nbd4 Bg6 14. Be3 Qf6
15. Bd3 Bh5 16. Be2 Bxf3 17. Bxf3 Nxd4 18. Bxd4 Bxd4 19. cxd4 Qb6 20. Rb1 Rac8
21. Be2 Nd6 22. Bd3 g6 23. Bc2 Rc4 24. Bb3 Rxd4 25. Qf3 Nc4 26. Rbd1 Nd2 27.
Qc3 Nxb3 28. axb3 Rb4 29. Rd3 d4 30. Qc2 Re5 31. Rfd1 Reb5 32. h3 Rxb3 33. Rxb3
Rxb3 34. Rd2 d3 35. Qc1 a5 36. Kh2 a4 37. Qc8+ Kg7 38. Qc1 Qd4 39. Qd1 b5 40.
Qf3 b4 41. g3 Rxb2 42. Rxb2 Qxb2 43. Qxd3 a3 0-1

[Event "ZMD Open"]
[Site "Dresden"]
[Date "????.??.??"]
[Round "?"]
[White "Herbrig, M."]
[Black "Priese, A."]
[Result "1-0"]
[WhiteElo "1687"]
[BlackElo "1678"]
[PlyCount "51"]
[EventDate "2013.??.??"]

1. d4 d5 2. Nf3 c6 3. c4 Nf6 4. Nc3 a6 5. cxd5 cxd5 6. Bg5 Nbd7 7. Qa4 e6 8.
Nb5 Be7 9. Bf4 O-O 10. Bc7 Qe8 11. Nd6 Bxd6 12. Bxd6 Qd8 13. Bxf8 Kxf8 14. e3
Qc7 15. Bd3 Nb6 16. Qb4+ Kg8 17. O-O Bd7 18. Rac1 Qd8 19. Rc2 Bc6 20. Ne5 Bd7
21. Rfc1 Rb8 22. Rc7 Na8 23. Rxb7 Rxb7 24. Qxb7 a5 25. Nxd7 Nxd7 26. Rc8 1-0

[Event "ZMD Open"]
[Site "Dresden"]
[Date "????.??.??"]
[Round "?"]
[White "Neffe, G."]
[Black "Schamschurko, A."]
[Result "0-1"]
[WhiteElo "1634"]
[BlackElo "1703"]
[PlyCount "118"]
[EventDate "2013.??.??"]

1. Nf3 Nf6 2. c4 g6 3. g3 Bg7 4. Nc3 O-O 5. Bg2 d6 6. b3 Nc6 7. Bb2 e5 8. d3
Ne8 9. e4 f5 10. O-O f4 11. Nd2 Nd4 12. Nf3 Bg4 13. h3 Nxf3+ 14. Bxf3 Bxh3 15.
Bg2 Bxg2 16. Kxg2 f3+ 17. Kh2 Qg5 18. Rh1 Nf6 19. Kg1 Ng4 20. Bc1 Qd8 21. Nd5
c6 22. Ne3 Nxe3 23. Bxe3 d5 24. Qd2 dxe4 25. Bh6 Bxh6 26. Qxh6 Rf7 27. dxe4 Qd4
28. Re1 Qb2 29. Qg5 Re8 30. Qe3 Qxa2 31. Kh2 a6 32. Ra1 Qb2 33. Rhd1 Qe2 34.
Re1 Qxe3 35. Rxe3 Rd8 36. Kg1 Rfd7 37. Rxf3 Rd1+ 38. Rxd1 Rxd1+ 39. Kg2 Re1 40.
Re3 Rxe3 41. fxe3 b5 42. cxb5 cxb5 43. b4 Kf7 44. Kh3 Ke6 45. g4 g5 46. Kg3 Kd6
47. Kf3 Kc6 48. Ke2 Kb6 49. Kd3 a5 50. bxa5+ Kxa5 51. Kc3 Ka4 52. Kb2 Kb4 53.
Kc2 Kc4 54. Kb2 b4 55. Kc2 b3+ 56. Kb2 Kb4 57. Kb1 Kc3 58. Kc1 b2+ 59. Kb1 h6
0-1